[Event "NAYCC U18"]
[Site "Kingston CAN"]
[Date "2025.08.21"]
[Round "6.3"]
[White "Yang, Jingyun (Ryan)"]
[Black "Vemparala, Nikash"]
[Result "1/2-1/2"]
[WhiteElo "2372"]
[BlackElo "2176"]
[WhiteFideId "-1"]
[WhiteFideId "-1"]
[PlyCount "119"]
[GameId "2216530400464920"]
[EventDate "2025.08.18"]
[EventType "swiss"]
[EventRounds "9"]
[EventCountry "CAN"]

1. e4 e5 2. Nc3 Nc6 3. g3 Bc5 4. Bg2 d6 5. Na4 Nge7 6. Nxc5 dxc5 7. d3 O-O 8. Be3 b6 9. f4 f5 10. Qd2 fxe4 11. Bxe4 Bf5 12. Bg2 exf4 13. Bxf4 Nd5 14. O-O-O Qd7 15. Ne2 Rfe8 16. Rde1 Bg4 17. Bxd5+ Qxd5 18. Nc3 Qd7 19. Rxe8+ Rxe8 20. Re1 Nd4 21. Rxe8+ Qxe8 22. b3 c6 23. Ne4 Bf3 24. Qe3 Bxe4 25. dxe4 Qd7 26. Be5 h6 27. Qd2 Qh3 28. Bxd4 cxd4 29. Qxd4 Qxh2 30. Qd8+ Kh7 31. Qd3 Qh5 32. e5+ Qg6 33. Qe2 Qe6 34. c4 Kg8 35. Qe4 Kf7 36. Qf3+ Ke7 37. Qe4 Kf7 38. g4 Qg6 39. Qd4 Qe6 40. a4 Qe7 41. Qf4+ Ke8 42. Kb2 Qf7 43. Qe4 Qe6 44. Kc3 Ke7 45. b4 c5 46. bxc5 bxc5 47. Qd5 Qb6 48. Kc2 Qb4 49. Qd6+ Ke8 50. Qe6+ Kf8 51. Qc8+ Kf7 52. Qd7+ Kg8 53. Qd5+ Kh8 54. e6 Qxa4+ 55. Kd3 Qb3+ 56. Ke4 Qc2+ 57. Kf4 Qf2+ 58. Ke5 Qh2+ 59. Kf5 Qf2+ 60. Ke5 1/2-1/2

[Event "NAYCC U18"]
[Site "Kingston CAN"]
[Date "2025.08.21"]
[Round "6.4"]
[White "Martinez Flores, Matias"]
[Black "Cherukuri, Nitesh"]
[Result "0-1"]
[WhiteElo "2060"]
[BlackElo "2252"]
[WhiteFideId "-1"]
[WhiteFideId "-1"]
[PlyCount "70"]
[GameId "2216547769901088"]
[EventDate "2025.08.18"]
[EventType "swiss"]
[EventRounds "9"]
[EventCountry "CAN"]

1. e4 c5 2. Nf3 Nc6 3. d4 cxd4 4. Nxd4 Nf6 5. Nc3 d6 6. f3 e5 7. Nb3 Be7 8. Be3 Be6 9. Qe2 O-O 10. O-O-O Qc8 11. Kb1 a5 12. Na4 Nd7 13. g4 b5 14. Qxb5 Rb8 15. Qa6 Qc7 16. Nc3 Rfc8 17. Bb5 Nb4 18. Qxa5 Qxa5 19. Nxa5 Nxa2 20. Nd5 Bxd5 21. Rxd5 Nf6 22. Kxa2 Nxd5 23. exd5 Rxb5 24. Nc6 Bh4 25. Rd1 Ra8+ 26. Kb1 Ra3 27. c4 Rb7 28. Bc1 Rxf3 29. c5 e4 30. Nd4 Rf2 31. Nf5 Bf6 32. Nxd6 Rb4 33. Re1 Bxb2 34. Rxe4 Bd4+ 35. Bb2 Rbxb2+ 0-1

[Event "NAYCC U18"]
[Site "Kingston CAN"]
[Date "2025.08.21"]
[Round "6.5"]
[White "Moses, Neil"]
[Black "Patel, Maahir M"]
[Result "0-1"]
[WhiteElo "2234"]
[BlackElo "2114"]
[WhiteFideId "-1"]
[WhiteFideId "-1"]
[PlyCount "96"]
[GameId "2216549363314728"]
[EventDate "2025.08.18"]
[EventType "swiss"]
[EventRounds "9"]
[EventCountry "CAN"]

1. e4 c5 2. Nf3 d6 3. d4 cxd4 4. Nxd4 Nf6 5. Nc3 a6 6. h4 e5 7. Nb3 Be7 8. Bg5 Be6 9. Qd2 Nbd7 10. f4 h6 11. Bxf6 Nxf6 12. f5 Bd7 13. Be2 Bc6 14. Bf3 b5 15. a3 a5 16. Qd3 b4 17. Ne2 Qb6 18. axb4 axb4 19. Rxa8+ Bxa8 20. Kd2 O-O 21. Kc1 Qc6 22. Ng3 Rc8 23. Kb1 Qb6 24. Ne2 Bb7 25. Nec1 Nd7 26. g4 Ra8 27. Qd2 Nc5 28. g5 Nxe4 29. Qg2 d5 30. f6 Bf8 31. fxg7 Bxg7 32. gxh6 Qxh6 33. Nd3 Nc3+ 34. bxc3 e4 35. Bxe4 dxe4 36. Nxb4 Qe3 37. Qh3 Qxc3 38. Qxc3 Bxc3 39. Na2 Be5 40. Rf1 Bc8 41. Nb4 Be6 42. Nc6 Bc3 43. Ncd4 Bxb3 44. Nxb3 e3 45. Rg1+ Kh7 46. Rg2 f5 47. Kc1 f4 48. Re2 Re8 0-1

[Event "NAYCC U18"]
[Site "Kingston CAN"]
[Date "2025.08.21"]
[Round "6.6"]
[White "Lin, Leo"]
[Black "Chen, Max"]
[Result "0-1"]
[WhiteElo "2059"]
[BlackElo "2318"]
[WhiteFideId "-1"]
[WhiteFideId "-1"]
[PlyCount "128"]
[GameId "2216552656662580"]
[EventDate "2025.08.18"]
[EventType "swiss"]
[EventRounds "9"]
[EventCountry "CAN"]

1. e4 e6 2. d4 d5 3. e5 c5 4. c3 Nc6 5. Nf3 Bd7 6. Be2 Nge7 7. Na3 cxd4 8. cxd4 Nf5 9. Nc2 Qb6 10. O-O Na5 11. b4 Nc4 12. Bd3 Be7 13. Qe2 Ba4 14. Be3 Rc8 15. Rfc1 O-O 16. a3 a5 17. bxa5 Qxa5 18. g4 Ncxe3 19. Nxe3 Rxc1+ 20. Rxc1 Nxe3 21. Qxe3 Bb5 22. Bxb5 Qxb5 23. Rc7 Bd8 24. Rc3 Ba5 25. Rb3 Qc6 26. Kg2 Rc8 27. Qd3 Bd8 28. Ng1 b6 29. Ne2 Qc4 30. Qd1 Qc2 31. Qxc2 Rxc2 32. Kf3 Rc4 33. Ke3 Kf8 34. Kd3 Ke8 35. f4 Kd7 36. Nc3 Kc6 37. g5 Be7 38. h4 g6 39. Ke3 Bf8 40. Kd3 h5 41. Ke3 Be7 42. Kd3 Kb7 43. Ke3 Rc7 44. Kd3 Ka6 45. Ke3 Rc8 46. Kd3 Kb7 47. Na4 Ra8 48. Nxb6 Rxa3 49. Rxa3 Bxa3 50. Nd7 Kc6 51. Nf6 Bb4 52. Ng8 Kd7 53. Nf6+ Kd8 54. Ke2 Bc3 55. Ke3 Be1 56. Ke2 Bxh4 57. Ke3 Be1 58. Ke2 Bb4 59. f5 Be7 60. fxg6 fxg6 61. Kf3 Ba3 62. Ke2 Bc1 63. Nh7 Ke7 64. Kf3 Kf7 0-1

[Event "NAYCC U18"]
[Site "Kingston CAN"]
[Date "2025.08.21"]
[Round "6.7"]
[White "Mou, Iris"]
[Black "Zhu, Matthew"]
[Result "1-0"]
[WhiteElo "2240"]
[BlackElo "2043"]
[WhiteFideId "-1"]
[WhiteFideId "-1"]
[PlyCount "93"]
[GameId "2216555583791167"]
[EventDate "2025.08.18"]
[EventType "swiss"]
[EventRounds "9"]
[EventCountry "CAN"]

1. e4 c5 2. Nf3 d6 3. Bb5+ Bd7 4. Bxd7+ Qxd7 5. c4 Nf6 6. Nc3 g6 7. d4 cxd4 8. Qxd4 Nc6 9. Qd3 Bg7 10. O-O O-O 11. h3 Rfc8 12. Bd2 Qd8 13. Rac1 a6 14. b3 Nd7 15. Rfd1 Nc5 16. Qb1 a5 17. Be3 Qe8 18. Bxc5 dxc5 19. Na4 Bh6 20. Nb6 Bxc1 21. Qxc1 Rd8 22. Nxa8 Rxa8 23. Qh6 f6 24. Rd5 b6 25. e5 Rd8 26. Qd2 Kf7 27. Qf4 Rxd5 28. cxd5 Nb4 29. exf6 exf6 30. Qc7+ Kg8 31. d6 Nd5 32. Qb7 Nf4 33. d7 Qd8 34. Qe4 Nxh3+ 35. gxh3 Qxd7 36. Kg2 Kg7 37. a4 b5 38. axb5 Qxb5 39. Qe7+ Kg8 40. Qxf6 Qxb3 41. Qd8+ Kg7 42. Qe7+ Kg8 43. Qxc5 a4 44. Qc8+ Kg7 45. Qd7+ Kg8 46. Ng5 a3 47. Ne6 1-0

[Event "NAYCC U18"]
[Site "Kingston CAN"]
[Date "2025.08.21"]
[Round "6.8"]
[White "Guillemette, Hugo"]
[Black "Lu, Yiding"]
[Result "0-1"]
[WhiteElo "2193"]
[BlackElo "2042"]
[WhiteFideId "-1"]
[WhiteFideId "-1"]
[PlyCount "140"]
[GameId "2216570404171847"]
[EventDate "2025.08.18"]
[EventType "swiss"]
[EventRounds "9"]
[EventCountry "CAN"]

1. d4 d5 2. c4 e6 3. Nf3 Nf6 4. g3 Be7 5. Bg2 O-O 6. O-O c6 7. Qc2 b6 8. Nbd2 c5 9. Rd1 Nc6 10. dxc5 bxc5 11. cxd5 exd5 12. a3 Be6 13. Nc4 Nd7 14. Ne3 d4 15. Nf5 Rc8 16. Nxe7+ Nxe7 17. Bf4 Qb6 18. Nd2 Qa6 19. Ne4 Nd5 20. Ng5 N7f6 21. Be5 h6 22. Nxe6 fxe6 23. Bxf6 Nxf6 24. Qd3 Qb6 25. h3 e5 26. Rac1 Qxb2 27. Rb1 Qa2 28. Rb7 Rf7 29. Qa6 Rcc7 30. Rb8+ Kh7 31. h4 c4 32. Re1 Qd2 33. Rbb1 c3 34. Qe6 c2 35. Rbc1 Qa5 36. Rf1 Qc5 37. h5 Kh8 38. Qf5 Qc4 39. Rfe1 Rc5 40. Qg6 Re7 41. Be4 Nxe4 42. Qxe4 Qc3 43. Kg2 Rf7 44. Qg6 Rf6 45. Qe8+ Kh7 46. Qa8 Rf7 47. Qe4+ Kg8 48. Qa8+ Rc8 49. Qe4 Qc6 50. Qxc6 Rxc6 51. f3 Rb7 52. Kf2 Rb3 53. Ra1 Rb2 54. Rac1 Ra2 55. Rf1 Rxa3 56. Ke1 a5 57. Kd2 Rac3 58. g4 a4 59. Rg1 a3 60. Ra1 c1=Q+ 61. Rgxc1 Rxc1 62. Rxc1 Rxc1 63. Kxc1 Kf7 64. Kc2 Kf6 65. Kb3 Kg5 66. Kxa3 Kf4 67. Kb4 Ke3 68. Kc4 Kxe2 69. f4 exf4 70. Kxd4 f3 0-1

[Event "NAYCC U18"]
[Site "Kingston CAN"]
[Date "2025.08.21"]
[Round "6.9"]
[White "Shankar, Pranav"]
[Black "Tang, Vincent"]
[Result "1-0"]
[WhiteElo "2028"]
[BlackElo "1937"]
[WhiteFideId "-1"]
[WhiteFideId "-1"]
[PlyCount "83"]
[GameId "2216586323681365"]
[EventDate "2025.08.18"]
[EventType "swiss"]
[EventRounds "9"]
[EventCountry "CAN"]

1. d4 b6 2. c4 Bb7 3. Nc3 e6 4. a3 f5 5. Bf4 Nf6 6. d5 Na6 7. Nf3 g6 8. dxe6 dxe6 9. Qa4+ Qd7 10. Nb5 c6 11. Nbd4 Bd6 12. Ne5 Bxe5 13. Bxe5 O-O 14. O-O-O Nc5 15. Qc2 Rad8 16. e3 Qe7 17. Be2 a5 18. Bf3 Nfe4 19. h4 Nd7 20. Bf4 e5 21. Bxe4 fxe4 22. Qxe4 Qf7 23. Bg5 Qxc4+ 24. Qc2 Qa2 25. Qb3+ Qxb3 26. Nxb3 Nc5 27. Rxd8 Nxb3+ 28. Kc2 a4 29. Rxf8+ Kxf8 30. Rd1 Nc5 31. Rd8+ Kf7 32. Rh8 Kg7 33. Re8 e4 34. Re7+ Kg8 35. Bf6 Ba6 36. Bd4 Nd3 37. Bxb6 Nxf2 38. Bd4 Bd3+ 39. Kc3 Bf1 40. g3 Nh1 41. Be5 Nf2 42. Kd4 1-0

[Event "NAYCC U18"]
[Site "Kingston CAN"]
[Date "2025.08.21"]
[Round "6.10"]
[White "Mulay, Vivan Prakash"]
[Black "Liu, Sean"]
[Result "1-0"]
[WhiteElo "2029"]
[BlackElo "1823"]
[WhiteFideId "-1"]
[WhiteFideId "-1"]
[PlyCount "65"]
[GameId "2216591123218528"]
[EventDate "2025.08.18"]
[EventType "swiss"]
[EventRounds "9"]
[EventCountry "CAN"]

1. e4 c5 2. Nf3 e6 3. b3 d6 4. d4 cxd4 5. Nxd4 e5 6. Nf3 Nf6 7. Bd3 Be7 8. c4 Nbd7 9. Bb2 O-O 10. Nc3 Nc5 11. O-O a5 12. Bc2 b6 13. Qe2 Bb7 14. Rad1 Qc8 15. h3 Bc6 16. Qe3 Qb7 17. Rfe1 Rad8 18. Nh4 Nfxe4 19. Nxe4 Nxe4 20. Nf5 Nc5 21. Bc1 Qc7 22. Nxg7 e4 23. Nf5 Bf6 24. Qg3+ Kh8 25. Bg5 Bxg5 26. Qxg5 f6 27. Qf4 Rg8 28. Nxd6 Qg7 29. g3 Ne6 30. Qf5 Ng5 31. Nxe4 Bd7 32. Qxf6 Nxh3+ 33. Kg2 1-0

[Event "NAYCC U18"]
[Site "Kingston CAN"]
[Date "2025.08.21"]
[Round "6.12"]
[White "Samanta, Neelansh"]
[Black "Berube, Maximilien"]
[Result "0-1"]
[WhiteElo "1698"]
[BlackElo "1928"]
[WhiteFideId "-1"]
[WhiteFideId "-1"]
[PlyCount "130"]
[GameId "2216639229785284"]
[EventDate "2025.08.18"]
[EventType "swiss"]
[EventRounds "9"]
[EventCountry "CAN"]

1. b3 e5 2. Bb2 Nc6 3. c4 Nf6 4. e3 Be7 5. a3 a5 6. Qc2 O-O 7. d3 Re8 8. Nf3 Bf8 9. Nbd2 d5 10. cxd5 Nxd5 11. Be2 f6 12. O-O Bf5 13. Rfe1 Bg6 14. Rac1 Rc8 15. Red1 Nb8 16. Ne4 c5 17. Nc3 Nxc3 18. Qxc3 Nc6 19. Nd2 Ra8 20. Ne4 b6 21. Bf3 Rc8 22. Rd2 Qc7 23. Ng3 Bf7 24. Bg4 Ra8 25. b4 axb4 26. axb4 Ra4 27. bxc5 bxc5 28. Bd1 Ra5 29. Bb3 Rb8 30. Bxf7+ Qxf7 31. Rdc2 Nb4 32. Rd2 Rab5 33. Rb1 Na2 34. Qa3 c4 35. Qxa2 c3 36. Qxf7+ Kxf7 37. Rc2 Rxb2 38. Rbc1 Rxc2 39. Rxc2 Rb1+ 40. Nf1 Bb4 41. e4 Rd1 42. g3 Rxd3 43. Kg2 Bc5 44. h4 Bd4 45. Ra2 Rd1 46. Rc2 Rb1 47. Ne3 Bxe3 48. Rxc3 Bd4 49. Rc7+ Kg6 50. f4 Rb2+ 51. Kf3 h5 52. g4 Rb3+ 53. Kg2 hxg4 54. f5+ Kh5 55. Rxg7 Kxh4 56. Rg6 Rb2+ 57. Kh1 Rb1+ 58. Kh2 g3+ 59. Rxg3 Rb2+ 60. Kh1 Rb1+ 61. Kh2 Bg1+ 62. Kg2 Rb2+ 63. Kf3 Rf2+ 64. Ke3 Kxg3 65. Kd3 Kf3 0-1

[Event "NAYCC U18"]
[Site "Kingston CAN"]
[Date "2025.08.21"]
[Round "6.13"]
[White "Ramesan, Raunak Amit"]
[Black "Valavan, Aaryan"]
[Result "1-0"]
[WhiteElo "1915"]
[BlackElo "1659"]
[WhiteFideId "-1"]
[WhiteFideId "-1"]
[PlyCount "63"]
[GameId "2216601819640947"]
[EventDate "2025.08.18"]
[EventType "swiss"]
[EventRounds "9"]
[EventCountry "CAN"]

1. e4 g6 2. d4 Bg7 3. Nf3 d6 4. Be2 Nf6 5. Nc3 O-O 6. O-O c6 7. a4 Bg4 8. h3 Bxf3 9. Bxf3 e5 10. Be3 Re8 11. d5 Na6 12. a5 cxd5 13. Nxd5 Nc7 14. Nxf6+ Bxf6 15. Qd3 Ne6 16. g3 Nd4 17. Bg2 Qc7 18. c4 Rac8 19. Rfc1 Qc6 20. Bd2 b5 21. axb6 axb6 22. b4 Qc7 23. Be3 Ra8 24. Rxa8 Rxa8 25. Bxd4 exd4 26. e5 Bg5 27. f4 Ra2 28. exd6 Qxd6 29. fxg5 Qxb4 30. Qxd4 Rd2 31. Qe4 Qa3 32. Qa8+ 1-0

[Event "NAYCC U18"]
[Site "Kingston CAN"]
[Date "2025.08.21"]
[Round "6.14"]
[White "Malakar, Saarthak"]
[Black "Blomer, John"]
[Result "1-0"]
[WhiteElo "2083"]
[BlackElo "1775"]
[WhiteFideId "-1"]
[WhiteFideId "-1"]
[PlyCount "51"]
[GameId "2216666349892815"]
[EventDate "2025.08.18"]
[EventType "swiss"]
[EventRounds "9"]
[EventCountry "CAN"]

1. Nf3 g6 2. d4 Bg7 3. g3 Nf6 4. Bg2 O-O 5. O-O d6 6. Re1 c5 7. c4 a6 8. Nc3 cxd4 9. Nxd4 Qc7 10. b3 Nc6 11. Bb2 Bd7 12. e4 Qa5 13. Nd5 Nxd5 14. Nxc6 bxc6 15. Bxg7 Kxg7 16. exd5 c5 17. Rxe7 Qd8 18. Qe2 Kg8 19. Re1 a5 20. Bf3 Ra7 21. Qb2 Qb6 22. h4 a4 23. h5 axb3 24. axb3 Rb7 25. Qf6 gxh5 26. Bxh5 1-0

[Event "NAYCC U18"]
[Site "Kingston CAN"]
[Date "2025.08.22"]
[Round "7.1"]
[White "Patel, Maahir M"]
[Black "Kot, Emanuel"]
[Result "1/2-1/2"]
[WhiteElo "2114"]
[BlackElo "2166"]
[WhiteFideId "-1"]
[WhiteFideId "-1"]
[PlyCount "75"]
[GameId "2216885414781352"]
[EventDate "2025.08.18"]
[EventType "swiss"]
[EventRounds "9"]
[EventCountry "CAN"]

1. Nf3 d5 2. g3 Nc6 3. d4 Bf5 4. Bg2 Nb4 5. Na3 Nf6 6. O-O e6 7. c3 Nc6 8. Qa4 Qd7 9. Nh4 Bg6 10. Nxg6 hxg6 11. Bg5 Be7 12. Bxf6 Bxf6 13. e4 dxe4 14. Bxe4 Ne7 15. Qxd7+ Kxd7 16. Nc4 c6 17. Rfd1 Kc7 18. a4 a5 19. Rd3 Nc8 20. Bg2 Nd6 21. Ne3 Rad8 22. Ng4 Be7 23. Ne5 Bf6 24. Ng4 Be7 25. Re1 Rhf8 26. b3 Ne8 27. Ne5 Nf6 28. Nc4 Ra8 29. h3 Nd7 30. f4 Nb6 31. Ne5 Rad8 32. Kf1 Bf6 33. Ng4 c5 34. Nxf6 gxf6 35. Red1 c4 36. bxc4 Nxc4 37. Rb1 b6 38. Ke2 1/2-1/2

[Event "NAYCC U18"]
[Site "Kingston CAN"]
[Date "2025.08.22"]
[Round "7.2"]
[White "Park, Evan"]
[Black "Guo, Ethan"]
[Result "1/2-1/2"]
[Annotator "hugh_"]
[WhiteElo "2412"]
[BlackElo "2311"]
[WhiteFideId "-1"]
[WhiteFideId "-1"]
[PlyCount "97"]
[GameId "2216887558513072"]
[EventDate "2025.08.18"]
[EventType "swiss"]
[EventRounds "9"]
[EventCountry "CAN"]

1. e4 c5 2. Nf3 d6 3. d4 cxd4 4. Nxd4 Nf6 5. Nc3 a6 6. f4 e5 7. Nb3 Be7 8. fxe5 dxe5 9. Qxd8+ Bxd8 10. Be3 Nc6 11. Be2 Be6 12. O-O-O Rc8 13. Rhf1 Bxb3 14. axb3 Nb4 15. Kb1 b5 16. Rf5 O-O 17. Rxe5 Bc7 18. Rc5 Bxh2 19. e5 Rce8 20. Bd4 Nd7 21. Rc7 Rd8 22. Bf2 Nxe5 23. g3 Rxd1+ 24. Nxd1 Nbc6 25. Ne3 Nd4 26. Bd1 Rd8 27. Ra7 f5 28. c3 Ndc6 29. Rxa6 Nb8 30. Ra7 Nd3 31. Nxf5 Nxf2 32. Rxg7+ Kh8 33. Bc2 Rd7 34. Rg5 Rd5 35. Rh5 Bg1 36. Rh4 Nd3 37. Re4 Rxf5 38. Bxd3 Rg5 39. Re8+ Rg8 40. Re6 b4 41. Bc4 Nd7 42. Rd6 Rg7 43. Re6 Bc5 44. Re8+ Nf8 45. Rc8 Bd6 46. Rd8 Bc5 47. Rc8 Bd6 48. Rd8 Bc5 49. Bd3 {Unreadable scoresheets. Draw in 75 moves.} 1/2-1/2

[Event "NAYCC U18"]
[Site "Kingston CAN"]
[Date "2025.08.22"]
[Round "7.3"]
[White "Cherukuri, Nitesh"]
[Black "Das, Aditeya"]
[Result "1/2-1/2"]
[WhiteElo "2252"]
[BlackElo "2259"]
[WhiteFideId "-1"]
[WhiteFideId "-1"]
[PlyCount "115"]
[GameId "2216897804874177"]
[EventDate "2025.08.18"]
[EventType "swiss"]
[EventRounds "9"]
[EventCountry "CAN"]

1. e4 c5 2. d4 cxd4 3. Qxd4 Nc6 4. Qd3 g6 5. Nc3 Bg7 6. Nf3 d6 7. Be2 Nf6 8. O-O O-O 9. Nd5 Nd7 10. c3 e6 11. Ne3 Nc5 12. Qc2 a5 13. Rd1 Qc7 14. Nc4 Rd8 15. Bf4 e5 16. Bg5 f6 17. Be3 b6 18. Rab1 a4 19. b4 axb3 20. axb3 Rb8 21. b4 Ne6 22. g3 Ne7 23. Qb3 Kh8 24. Na3 Qc6 25. Nb5 Ra8 26. Qc4 Bf8 27. Qxc6 Nxc6 28. Bxb6 Rd7 29. Bc4 Ncd8 30. Ra1 Bb7 31. Rxa8 Bxa8 32. Bd5 Bxd5 33. Rxd5 Nf7 34. Nd2 f5 35. exf5 gxf5 36. Nc4 Ng7 37. Nc7 Be7 38. Ra5 h6 39. Nd5 Ne6 40. Ra8+ Bd8 41. b5 Kg7 42. Be3 f4 43. gxf4 exf4 44. Nxf4 Nxf4 45. Bxf4 d5 46. Ne5 Nxe5 47. Bxe5+ Bf6 48. b6 Bxe5 49. Ra7 Rf7 50. Ra5 Kf6 51. Rxd5 Rb7 52. Rb5 Bxc3 53. h3 Bd4 54. Kf1 Bxb6 55. f4 Rb8 56. Rb3 Kf5 57. Rb4 Rb7 58. Kg2 1/2-1/2

[Event "NAYCC U18"]
[Site "Kingston CAN"]
[Date "2025.08.22"]
[Round "7.4"]
[White "Chen, Max"]
[Black "Lu, Yiding"]
[Result "1/2-1/2"]
[WhiteElo "2318"]
[BlackElo "2042"]
[WhiteFideId "-1"]
[WhiteFideId "-1"]
[PlyCount "94"]
[GameId "2216919873237452"]
[EventDate "2025.08.18"]
[EventType "swiss"]
[EventRounds "9"]
[EventCountry "CAN"]

1. e4 c5 2. Nc3 Nc6 3. g3 g6 4. Bg2 Bg7 5. d3 d6 6. Be3 e5 7. Qd2 Nge7 8. Bh6 Bxh6 9. Qxh6 Nd4 10. Rc1 Be6 11. Nd5 Bxd5 12. exd5 Qa5+ 13. c3 Ndf5 14. Qg5 h6 15. Qd2 Qxa2 16. Ne2 Nxd5 17. O-O Qb3 18. d4 Nf6 19. Rce1 e4 20. dxc5 dxc5 21. Nc1 Qe6 22. Bxe4 Nxe4 23. Rxe4 Qxe4 24. Re1 Qxe1+ 25. Qxe1+ Kd7 26. Qe5 b6 27. Nd3 Nd6 28. Qf6 Rhe8 29. Ne5+ Rxe5 30. Qxe5 Re8 31. Qf4 h5 32. Qa4+ b5 33. Qxa7+ Kc6 34. Kf1 Re4 35. Qa8+ Kc7 36. Qd5 c4 37. f3 Re8 38. g4 hxg4 39. fxg4 Re4 40. h3 Kd7 41. Kf2 f6 42. Kf3 g5 43. Qg8 Ke7 44. Qh7+ Ke6 45. Qg8+ Ke7 46. Qg7+ Ke6 47. Qg8+ Ke7 1/2-1/2

[Event "NAYCC U18"]
[Site "Kingston CAN"]
[Date "2025.08.22"]
[Round "7.5"]
[White "Vemparala, Nikash"]
[Black "Mou, Iris"]
[Result "1/2-1/2"]
[WhiteElo "2176"]
[BlackElo "2240"]
[WhiteFideId "-1"]
[WhiteFideId "-1"]
[PlyCount "127"]
[GameId "2216923921408468"]
[EventDate "2025.08.18"]
[EventType "swiss"]
[EventRounds "9"]
[EventCountry "CAN"]

1. c4 e5 2. g3 d6 3. Bg2 f5 4. Nc3 Nf6 5. d3 Be7 6. e4 O-O 7. Nge2 fxe4 8. dxe4 c6 9. O-O Be6 10. b3 Nbd7 11. h3 a6 12. a4 a5 13. Be3 Qe8 14. f4 Bf7 15. g4 exf4 16. Bxf4 Ne5 17. Nd4 Bd8 18. Nf5 Bb6+ 19. Kh1 Rd8 20. Qd2 Qe6 21. Bg3 Bg6 22. Rad1 Bc5 23. Qg5 Nf7 24. Qf4 Ne5 25. Ne2 Qe8 26. Bh4 Bxf5 27. gxf5 Rd7 28. Nd4 Bxd4 29. Rxd4 Nf7 30. Rfd1 Re7 31. Bxf6 gxf6 32. Qh4 Kg7 33. R4d3 Rd7 34. c5 Qe5 35. Qg4+ Kh8 36. Rg3 Nh6 37. Qh4 Rg8 38. Rxg8+ Nxg8 39. Qf2 Ne7 40. Qd4 Qxd4 41. Rxd4 Nc8 42. Bf1 b6 43. Ba6 bxc5 44. Bxc8 Rd8 45. Rd3 Rxc8 46. Rxd6 Re8 47. Rxf6 Rxe4 48. Rxc6 Re5 49. f6 Kg8 50. Rc7 Rf5 51. Rg7+ Kh8 52. Ra7 Rxf6 53. Rxa5 Rf3 54. Rb5 Rxh3+ 55. Kg2 Rc3 56. a5 Kg7 57. a6 Rc2+ 58. Kg3 Ra2 59. Rb6 h5 60. Kh4 Ra5 61. Rb7+ Kg6 62. a7 Kf6 63. Rh7 Ke6 64. Kg3 1/2-1/2

[Event "NAYCC U18"]
[Site "Kingston CAN"]
[Date "2025.08.22"]
[Round "7.6"]
[White "Martinez Flores, Matias"]
[Black "Yang, Jingyun (Ryan)"]
[Result "1/2-1/2"]
[WhiteElo "2060"]
[BlackElo "2372"]
[WhiteFideId "-1"]
[WhiteFideId "-1"]
[PlyCount "202"]
[GameId "2216926111384028"]
[EventDate "2025.08.18"]
[EventType "swiss"]
[EventRounds "9"]
[EventCountry "CAN"]

1. e4 c5 2. Nf3 e6 3. d4 cxd4 4. Nxd4 Nc6 5. Nc3 Qc7 6. Be3 a6 7. Bd3 b5 8. Nxc6 Qxc6 9. e5 Bb7 10. Be4 Qc7 11. Bxb7 Qxb7 12. O-O Ne7 13. Bc5 Rc8 14. Bd6 b4 15. Ne2 Nd5 16. Bxf8 Rxf8 17. Nd4 g6 18. Qd2 f6 19. Rfe1 Kf7 20. exf6 Kg8 21. Nf3 Rxf6 22. Ne5 Rf5 23. Ng4 Rf4 24. f3 Qb6+ 25. Kh1 Qd4 26. Qxd4 Rxd4 27. Re2 Rc5 28. g3 Nb6 29. Nf2 Rdc4 30. Rc1 Rc7 31. Nd3 a5 32. Ne5 R4c5 33. Nd3 Rd5 34. Rce1 Kg7 35. Kg2 Kg8 36. Kg1 Nc4 37. Kf2 Nd6 38. Rd2 Nc4 39. Rde2 Rb5 40. Rc1 Rh5 41. Kg1 Rd5 42. Rce1 Nd6 43. Rf2 Rd4 44. Ree2 a4 45. Ne5 Rd1+ 46. Rf1 Rd5 47. Nd3 Rc4 48. Ne5 Rc7 49. Nd3 b3 50. axb3 axb3 51. Nb4 Rb5 52. c3 Nc4 53. Ra1 Kf7 54. Kf2 d5 55. Nd3 Rb6 56. Ne5+ Kf6 57. Nxc4 Rxc4 58. Ke3 e5 59. Kd3 g5 60. Ra5 Ke6 61. Ra7 g4 62. Rxh7 gxf3 63. Rh6+ Kf5 64. Rxb6 fxe2 65. Kxe2 Re4+ 66. Kf3 Re1 67. Rxb3 Rf1+ 68. Kg2 Rd1 69. Rb5 Rd2+ 70. Kg1 Rd1+ 71. Kf2 Rd2+ 72. Ke3 Rxh2 73. Rb8 Rg2 74. Kf3 Rd2 75. g4+ Ke6 76. Rb6+ Ke7 77. g5 Kf7 78. g6+ Kg7 79. Ke3 Rg2 80. b4 Rg3+ 81. Kd2 e4 82. Re6 Rg1 83. b5 Rb1 84. b6 Rb3 85. Rc6 Rb1 86. Kc2 Rb5 87. Re6 Kh6 88. Rd6 Kg7 89. Kd2 Rb3 90. Rc6 Rb1 91. Ke2 Kh6 92. Ke3 Rd1 93. Rd6 Rd3+ 94. Kf4 Rf3+ 95. Ke5 Rxc3 96. Kxd5 Rd3+ 97. Kc5 Rxd6 98. Kxd6 e3 99. b7 e2 100. b8=Q e1=Q 101. Qg8 Qb4+ 1/2-1/2

[Event "NAYCC U18"]
[Site "Kingston CAN"]
[Date "2025.08.22"]
[Round "7.7"]
[White "Shankar, Pranav"]
[Black "Guillemette, Hugo"]
[Result "0-1"]
[WhiteElo "2028"]
[BlackElo "2193"]
[WhiteFideId "-1"]
[WhiteFideId "-1"]
[PlyCount "67"]
[GameId "2216934140273200"]
[EventDate "2025.08.18"]
[EventType "swiss"]
[EventRounds "9"]
[EventCountry "CAN"]

1. d4 Nf6 2. c4 e6 3. Nf3 b6 4. g3 Ba6 5. b3 Bb4+ 6. Bd2 Be7 7. Bg2 O-O 8. O-O d5 9. cxd5 exd5 10. Nc3 Re8 11. Ne5 Bb7 12. Qc2 Nbd7 13. Rfd1 Bd6 14. Nd3 a6 15. Bg5 h6 16. Bf4 Qe7 17. Rac1 Bxf4 18. gxf4 c5 19. dxc5 bxc5 20. e3 Rac8 21. Na4 Ne4 22. Re1 c4 23. Ndb2 Qh4 24. bxc4 dxc4 25. Nc3 Ndf6 26. Nxe4 Nxe4 27. Red1 Nc5 28. Bxb7 Nxb7 29. Qf5 Rc5 30. Qd7 Re7 31. Qd2 Qg4+ 32. Kf1 Rh5 33. Rxc4 Rxh2 34. Rc8+ 0-1

[Event "NAYCC U18"]
[Site "Kingston CAN"]
[Date "2025.08.22"]
[Round "7.8"]
[White "Berube, Maximilien"]
[Black "Moses, Neil"]
[Result "1/2-1/2"]
[WhiteElo "1928"]
[BlackElo "2234"]
[WhiteFideId "-1"]
[WhiteFideId "-1"]
[PlyCount "73"]
[GameId "2216937358099000"]
[EventDate "2025.08.18"]
[EventType "swiss"]
[EventRounds "9"]
[EventCountry "CAN"]

1. e4 c5 2. Nf3 e6 3. d4 cxd4 4. Nxd4 a6 5. g3 Nf6 6. Bg2 Qc7 7. O-O d6 8. a4 Nc6 9. c4 Bd7 10. b3 Be7 11. Bb2 O-O 12. Nc3 Rab8 13. Kh1 Qb6 14. Nce2 Rfd8 15. f4 Ng4 16. Qd3 e5 17. h3 exd4 18. hxg4 Bxg4 19. Bf3 Bxf3+ 20. Rxf3 Bf6 21. Rd1 Re8 22. Bxd4 Nxd4 23. Nxd4 Bxd4 24. Qxd4 Qc7 25. Re3 Re6 26. Qd5 Qb6 27. Rdd3 Rbe8 28. Kg2 Qb4 29. Qd4 Qa3 30. Rd2 h6 31. Qd5 Qb4 32. Rde2 Rc8 33. Kf3 Qa3 34. Qd4 Qb4 35. Qd5 Qa3 36. Qd4 Qb4 37. Qd5 1/2-1/2